| 000 | nam a22 a 4500 | ||
|---|---|---|---|
| 999 |
_c4484 _d4484 |
||
| 005 | 20170530142451.0 | ||
| 008 | 170530s2012 my ||||| |||| 00| 0 may d | ||
| 040 | _aAKMAL | ||
| 082 | _a174.09595 JKDM | ||
| 090 |
_a174.09595 _bJKDM |
||
| 110 | 2 |
_aJabatan Kastam Diraja Malaysia _bBahagian Perancangan Korporat. _96751 |
|
| 245 | 1 | 0 |
_aManual Penggunaan. Buku Latihan Standard Perilaku Pegawai Jabatan Kastam Diraja Malaysia ./ _cBahagian Perancangan Korporat, Jabatan Kastam Diraja Malaysia. |
| 260 |
_aPutrajaya; _bBahagian Perancangan Korporat, Jabatan Kastam Diraja Malaysia, _c2012. |
||
| 300 |
_a60 mukasurat : _bil. wrn.; _c25cm |
||
| 650 | 1 | 0 |
_aCivil service _zMalaysia _9420 |
| 650 | 1 | 0 |
_aCivil service _xHandbooks, manuals, etc. _zMalaysia _98694 |
| 942 |
_2ddc _cBOOK |
||
| 950 | _lAKMAL | ||